Cuaderno de trabajo de Naturaleza y Comunidad Escuela nueva : (Record no. 11043)

000 -CABECERA
fixed length control field 00771nam a22002177a 4500
003 - IDENTIFICADOR DEL NÚMERO DE CONTROL
control field AR-CdUCM
008 - DATOS DE LONGITUD FIJA--INFORMACIÓN GENERAL
fixed length control field 190402b ||||| |||| 00| 0 spa d
040 ## - FUENTE DE LA CATALOGACIÓN
Agencia/entidad que catalogó originalmente la obra MUNICIPALIDAD PROVINCIAL DEL CUSCO
Entidad que transcribió la catalogación BIBLIOTECA MUNICIPAL DEL CUSCO
082 ## - NÚMERO DE LA CLASIFICACIÓN DECIMAL DEWEY
No. de Clasificación EP / 372.500 /
Notacion interna C92
100 ## - ENTRADA PRINCIPAL--NOMBRE DE PERSONA
Nombre Personal Benavides Estrada, Augusto
245 ## - MENCIÓN DE TÍTULO
Título Cuaderno de trabajo de Naturaleza y Comunidad Escuela nueva :
Resto del título Para el primer grado de educación primaria /
260 ## - PUBLICACIÓN, DISTRIBUCIÓN, ETC.
Lugar de publicación, distribución, etc. Lima :
Nombre de la editorial, distribuidor, etc. Escuela Nueva,
300 ## - DESCRIPCIÓN FÍSICA
Nº de Páginas Extensión 103 paginas ;
Otros detalles físicos ilustraciones, graficos, dibujos, mapas,
Dimensiones 27 cm.
650 ## - PUNTO DE ACCESO ADICIONAL DE MATERIA--TÉRMINO DE MATERIA
Descriptor Naturaleza
9 (RLIN) 4241
650 ## - PUNTO DE ACCESO ADICIONAL DE MATERIA--TÉRMINO DE MATERIA
Descriptor Comunidad
9 (RLIN) 40
650 ## - PUNTO DE ACCESO ADICIONAL DE MATERIA--TÉRMINO DE MATERIA
Descriptor Textos Escolares
9 (RLIN) 4527
700 ## - PUNTO DE ACCESO ADICIONAL--NOMBRE DE PERSONA
Nombre Personal Lévano Barrera, Miguel
9 (RLIN) 28173
942 ## - ELEMENTOS DE PUNTO DE ACCESO ADICIONAL (KOHA)
Fuente de clasificación
Tipo de item Libros-BMC
945 ## - PROCESAMIENTO DE INFORMACIÓN LOCAL (OCLC)
Catalogador pjha
Holdings
Estado de retiro (separado) Fuente de clasificación o esquema de estanterías Estado dañado Ubicación Sala donde se ubica Nombre de la colección Fecha de adquisición o compra Costo, precio normal en soles Signatura topográfica Código de Barras Última vez visto (Koha) Tipo de ítem (Koha)
No     Sala de Infantes Sala de Infantes Book Cart 2019-04-02 20.00 EP / 372.500 / C92 SI00000992 2019-04-02 Libros-BMC
No     Sala de Infantes Sala de Infantes Children's Area 2019-04-03 20.00 EP / 372.500 / C92 / e.2 SI00001067 2019-04-03 Libros-BMC

Powered by Koha